Modelová zmluva OECD a jej vplyv na zdanenie príjmov v SR

Ustanovenia týkajúce sa zdanenia príjmov z užívania majetku a jeho predaja, príjmov fyzických osôb a tzv. iných príjmov, keďže zmluvy o zamedzení dvojitého zdanenia uzatvorené na základe Zmluvy sú tzv. komplexné zmluy, ktoré riešia zamedzenie dvojitého zdanenia všetkých teoreticky aj prakticky možný...

Descrizione completa

Salvato in:
Dettagli Bibliografici
Autore principale: Borčíková, Jana
Natura: Capitolo di libro
Lingua:slovacco
Soggetti:
Tags: Aggiungi Tag
Nessun Tag, puoi essere il primo ad aggiungerne!!

MARC

LEADER 00000naa$a2200000$$$4500
001 0042254
005 20231109114239.0
041 0 |a slo 
044 |a SK 
245 1 0 |a Modelová zmluva OECD a jej vplyv na zdanenie príjmov v SR  |c Jana Borčíková 
520 |a Ustanovenia týkajúce sa zdanenia príjmov z užívania majetku a jeho predaja, príjmov fyzických osôb a tzv. iných príjmov, keďže zmluvy o zamedzení dvojitého zdanenia uzatvorené na základe Zmluvy sú tzv. komplexné zmluy, ktoré riešia zamedzenie dvojitého zdanenia všetkých teoreticky aj prakticky možných druhov príjmov. Ilustračné príklady. 
610 2 0 |a dane z príjmov 
610 2 0 |a zmluvy medzinárodné 
610 2 0 |a zdaňovanie medzinárodné 
610 2 0 |a zdanenie dvojité 
610 2 0 |a majetok 
610 2 0 |a príjmy 
610 2 0 |a služby 
610 2 0 |a dôchodky 
100 1 |a Borčíková, Jana